000 01390cam a22003375a 4500
001 13828045
005 20170112142819.0
008 041230t2005 gw a frb 101 0 eng d
020 _a354024526X
020 _a9783540245261
040 _aOHX
_cOHX
_dOCLCQ
_dZCU
_dC$Q
_dOCL
_dDLC
_dEG-ScBUE
_beng
082 0 4 _222
_a006.3
_bARG
111 2 _aArgMAS 2004
_n(1st :
_d2004 :
_cNew York, N.Y.)
245 1 0 _aArgumentation in multi-agent systems :
_bfirst international workshop, ArgMAS 2004, New York, NY, USA, July 19, 2004 : revised selected and invited papers /
_c[editors] Iyad Rahwan, Pavlos Moraitis, Chris Reed.
246 3 0 _aArgMAS 2004
260 _aBerlin :
_bSpringer,
_cc.2005.
300 _axii, 261 p. :
_bill. ;
_c24 cm.
490 0 _aLecture notes in computer science. Lecture notes in artificial intelligence,
_x0302-9743 ;
_v3366
490 0 _aState-of-the-art survey
500 _aPapers presented at a workshop held at Columbia University, New York in July 2004.
504 _aIncludes bibliographical references and index.
530 _aAlso issued online.
650 0 _aIntelligent agents (Computer software)
_vCongresses.
_2BUEsh
650 0 _aLogic
_vCongresses.
_2BUEsh
651 _2BUEsh
653 _bCOMSCI
_cJanuary2017
700 1 _aRahwan, Iyad,
_eeditor.
700 1 _aMoraitis, Pavlos,
_eeditor.
700 1 _aReed, Chris,
_d1956-
_eeditor.
942 _2ddc
999 _c23913
_d23885